XVI Campionats d'Espanya d'atletisme
Descripción Física:
[24] p. ; 22 cm
Otros Autores:
Confederació Espanyola d'Atletisme
Materias:
Atletisme -- Barcelona
MARC
| LEADER | 00000nam a2200000Ia 4500 | ||
|---|---|---|---|
| 001 | 16234 | ||
| 008 | 160829s1933 xx 000 0 cat d | ||
| 080 | |a 4171, exp. 148 | ||
| 100 | |a Campionats d'Espanya d'Atletisme (16è : 1933 : Barcelona) |9 48154 | ||
| 245 | |a XVI Campionats d'Espanya d'atletisme | ||
| 260 | |a Barcelona: |b (Graf. Typus), |c 1933 | ||
| 300 | |a [24] p. ; |c 22 cm | ||
| 590 | |a Abans del títol: C.E.A. (Confederació Espanyola d'Atletisme) : Barcelona 12 - 13 d'agost 1933 | ||
| 650 | |a Atletisme |x Barcelona |9 48155 | ||
| 700 | |a Confederació Espanyola d'Atletisme |9 48156 | ||
| 901 | |a Arxiu | ||
| 942 | |n 1 | ||
| 952 | |0 0 |1 0 |4 0 |6 4171_EXP_148 |7 1 |9 54352 |a Arxiu |b Arxiu |d 2016-12-01 |l 0 |o 4171, exp. 148 |p 16234 |r 2016-12-01 00:00:00 |w 2016-12-01 |y ARXIU | ||
| 999 | |c 58221 |d 58221 | ||